| 000 | 00826nam a2200241Ia 4500 | ||
|---|---|---|---|
| 003 | IN-BaIIA | ||
| 008 | 211028s9999 xx 000 0 eng d | ||
| 020 | _a0-7503-0883-4 | ||
| 040 | _cIIA Library | ||
| 080 |
_a52-17 _bBOD |
||
| 100 |
_aBodenheimer, Peter _930646 |
||
| 245 | 0 |
_aNumerical methods in astrophysics _ban introduction _cPeter Bodenheimer…[et al.] |
|
| 260 |
_aNew York _bTaylor and Francis _c2007 |
||
| 300 | _a329p. | ||
| 490 | _aSeries in astronomy and astrophysics | ||
| 650 |
_aAstrophysics - mathematics _930647 |
||
| 650 |
_aDifferential equations _91510 |
||
| 650 |
_aHydrodynamics, Radiative transfer _930648 |
||
| 650 |
_aPartial - numerical solutions _930649 |
||
| 700 |
_aRozyczka, Michal _930650 |
||
| 700 |
_aYorke, Horold W. _930651 |
||
| 942 | _cBK | ||
| 999 |
_c16516 _d16516 |
||